00565nam a22002057a 450000500170000001000130001702000100003003500130004003700190005304000120007208200180008410000170010224500710011926000350019027000420022530000280026750000190029565000210031465000240033520170124110056.0 aA-708519 c00.00 aA-708519 bCen. Lib./Ret. aDPLbEN a951.9043bCHO aChopra, S. N aChina today :cby S. N. Chopraban overview of people's republic / aDelhibKonark Publishersc1993 aA-149, Main Vikas MargbDelhie110092 a300p. :c20cm(Hb)bill. aIncludes index aChinese--History aPhilosophy, Chinese